Cómo se hace una película / (Registro nro. 20569)

Detalles MARC
000 -LEADER
campo de control de longitud fija 02388cam a22004454i 4500
003 - IDENTIFICADOR DE NÚMERO DE CONTROL
campo de control PE-LiUPU
005 - FECHA Y HORA DE LA ÚLTIMA TRANSACCIÓN
campo de control 20250731183359.0
008 - DATOS DE LONGITUD FIJA--INFORMACIÓN GENERAL
campo de control de longitud fija 170601s2016 sp r 000 0 spa d
020 ## - NÚMERO INTERNACIONAL ESTÁNDAR DEL LIBRO
Número Internacional Estándar del Libro 8491043829
020 ## - NÚMERO INTERNACIONAL ESTÁNDAR DEL LIBRO
Número Internacional Estándar del Libro 9788491043829
035 ## - NÚMERO DE CONTROL DEL SISTEMA
Número de control de sistema (Sirsi) a204195
040 ## - FUENTE DE CATALOGACIÓN
Centro catalogador/agencia de origen PE-LiUPU
Lengua de catalogación spa
Centro/agencia transcriptor PE-LiUPU
Normas de descripción rda
041 1# - CÓDIGO DE IDIOMA
Código de lengua del texto/banda sonora o título independiente spa
Código de lengua original eng
049 ## - FONDOS LOCALES (OCLC)
Biblioteca depositaria PRUA
082 04 - NÚMERO DE LA CLASIFICACIÓN DECIMAL DEWEY
Número de clasificación 791.43
Cutter C51
Número de edición 20
100 1# - ENTRADA PRINCIPAL--NOMBRE DE PERSONA
Nombre de persona Chabrol, Claude,
Término indicativo de función/relación autor.
245 10 - MENCIÓN DEL TÍTULO
Título Cómo se hace una película /
Mención de responsabilidad, etc. Claude Chabrol.
250 ## - MENCION DE EDICION
Mención de edición Segunda edición.
264 #1 - PRODUCCIÓN, PUBLICACIÓN, DISTRIBUCIÓN, FABRICACIÓN Y COPYRIGHT
Producción, publicación, distribución, fabricación y copyright Madrid :
Nombre del de productor, editor, distribuidor, fabricante Alianza,
Fecha de producción, publicación, distribución, fabricación o copyright 2016.
300 ## - DESCRIPCIÓN FÍSICA
Extensión 85 páginas ;
Dimensiones 18 centímetros.
336 ## - TIPO DE CONTENIDO
Término de tipo de contenido text
Fuente rdacontent
337 ## - TIPO DE MEDIO
Nombre/término del tipo de medio unmediated
Fuente rdamedia
338 ## - TIPO DE SOPORTE
Nombre/término del tipo de soporte volume
Fuente rdacarrier
490 0# - MENCIÓN DE SERIE
Mención de serie Cine ;
Designación de volumen o secuencia 9
505 0# - NOTA DE CONTENIDO CON FORMATO
Nota de contenido con formato Preámbulo -- ¿Por qué hacer una película? -- Existen dos clases de cineastas -- La noción de puestas en escena -- De la idea a la sinopsis -- Un guión obedece a reglas precisas -- Reflexión o sensación -- El guión es un edificio -- ¿Idea original o adaptación? -- Loa actores (1) -- El productor -- Para realizar mejores películas -- El problema del tiempo de rodaje -- Los actores (2) -- Los actores (3) -- Los actores (4) -- El rodaje -- La puesta de escena -- Los técnicos -- Cámara y director de fotografía -- El montaje -- La script -- El ayudante de dirección -- Los eléctricos y los maquinistas -- El atrezzista -- Los decorados -- El vestuario -- El sonido -- La utilización del combo -- El laboratorio -- La música -- Las mezclas -- La explotación -- La recepción del film -- A modo de conclusión.
526 ## - NOTA DE INFORMACIÓN SOBRE EL PROGRAMA DE ESTUDIO
Nombre del programa Maestría Bim Facility Management (A distancia)
526 ## - NOTA DE INFORMACIÓN SOBRE EL PROGRAMA DE ESTUDIO
Nombre del programa
526 ## - NOTA DE INFORMACIÓN SOBRE EL PROGRAMA DE ESTUDIO
Nombre del programa Educación musical y artes
526 ## - NOTA DE INFORMACIÓN SOBRE EL PROGRAMA DE ESTUDIO
Nombre del programa Educación, especialidad educación física
526 ## - NOTA DE INFORMACIÓN SOBRE EL PROGRAMA DE ESTUDIO
Nombre del programa Arquitectura
534 ## - NOTA SOBRE LA VERSIÓN ORIGINAL
Frase introductoria Título original :
Mención de título del original Comment faire un film.
541 ## - NOTA DE FUENTE DE ADQUISICIÓN DIRECTA
-- 001-00373;
596 ## -
-- 1
650 04 - PUNTO DE ACCESO ADICIONAL DE MATERIA--TÉRMINO DE MATERIA
Término de materia o nombre geográfico como elemento de entrada Película.
910 ## - DATOS DE OPCIÓN DEL USUARIO (OCLC)
Datos de opción del usuario jck
-- ncf
-- ncf
-- 20170601
942 ## - ELEMENTOS DE ENTRADA SECUNDARIOS (KOHA)
Fuente del sistema de clasificación o colocación Clasificación Decimal Dewey
Tipo de ítem Koha
949 ## - PROCESAMIENTO DE INFORMACIÓN LOCAL (OCLC)
a 791.43 C51
w DEWEY
c 1
i 76110
l CCODEBUL1
m BUL
p 19.87
r 0
s Y
t BOOK
u 2017-06-01
x IEDUCACION
-- P07
0 COMPRA
o .STAFF. Colección Ciencias Humanas y Educación
994 ## -
-- C0
-- PEPRU
999 ## - NÚMEROS DE CONTROL DE SISTEMA (KOHA)
-- DEWEY
-- 76110
-- 2017-10-3
-- 2021-11-8
-- 4
-- CCODEBUL1
-- BUL
-- 1
-- 19.87
-- 2
-- 0
-- Y
-- BOOK
-- 2017-6-1
-- EDUCACION
-- P07
-- COMPRA
-- .STAFF. Colección Ciencias Humanas y Educación
980 ## - EQUIVALENCIA O REFERENCIA-CRUZADA-MENCIÓN DE SERIE--NOMBRE DE PERSONA/TÍTULO [LOCAL, CANADÁ]
ID del último usuario que modificó el registro 1
Nombre del último usuario que modificó el registro ALBERTO SANCHEZ Responsable de Automatización
Existencias
Visto por última vez Número de inventario Total de préstamos Signatura topográfica completa Código de barras Fecha del último préstamo Copia número Coste, precio de reemplazo Fecha de reemplazo Facultad Tipo de ítem Koha Nota pública Estado de pérdida Fuente del sistema de clasificación o colocación Restricciones de uso No para préstamo Colección Programa académico Biblioteca de origen Biblioteca actual Ubicación en estantería Fecha de adquisición Fuente de adquisición Coste, precio normal de compra
2025-12-03 5 1 791.43 C51 76110 2017-10-03 e1 24.87 2017-06-01 FACIHED Libros físicos inventario-2023-12-13 No Perdido Clasificación Decimal Dewey No restringido Disponible para préstamos Colección General Ciencias de la comunicación Biblioteca CRAI UPeU Lima Biblioteca CRAI UPeU Lima Sala principal 2017-06-01 COMPRA 19.87